Library Banner

Karachi in the twenty-first century : (Record no. 105129)

MARC details
000 -LEADER
fixed length control field 00658cam a22001937i 4500
001 - CONTROL NUMBER
control field 20306128
005 - DATE AND TIME OF LATEST TRANSACTION
control field 20180627093557.0
008 - FIXED-LENGTH DATA ELEMENTS--GENERAL INFORMATION
fixed length control field 180125t20162016enkab b 000 0 eng d
020 ## - INTERNATIONAL STANDARD BOOK NUMBER
International Standard Book Number 9781443887069
020 ## - INTERNATIONAL STANDARD BOOK NUMBER
International Standard Book Number 1443887064
040 ## - CATALOGING SOURCE
Transcribing agency PK-LaUMT
082 04 - DEWEY DECIMAL CLASSIFICATION NUMBER
Classification number 320.9549183
Item number MAN-K
100 1# - MAIN ENTRY--PERSONAL NAME
Personal name Mansoor Bin Tahnoon Al Nahyan
245 10 - TITLE STATEMENT
Title Karachi in the twenty-first century :
Remainder of title political, social, economic and security dimensions /
Statement of responsibility, etc by Mansoor Bin Tahnoon Al Nahyan
260 ## - PUBLICATION, DISTRIBUTION, ETC. (IMPRINT)
Place of publication, distribution, etc Cambridge :
Name of publisher, distributor, etc Cambridge Scholars Publishing,
Date of publication, distribution, etc 2016
300 ## - PHYSICAL DESCRIPTION
Extent x, 222 p. :
Other physical details illustrations, map ;
Dimensions 23 cm
650 #0 - SUBJECT ADDED ENTRY--TOPICAL TERM
Topical term or geographic name as entry element Globalization
Geographic subdivision Pakistan
-- Karachi.
942 ## - ADDED ENTRY ELEMENTS (KOHA)
Koha item type Books
Holdings
Withdrawn status Lost status Damaged status Home library Current library Date acquired Full call number Barcode Date last seen Price effective from Koha item type
      UMT Main Campus UMT Main Campus 2018-06-21 320.9549183 MAN-K 120768 2020-10-15 2018-06-21 Books